00295nam a2200109Ia 4500008004100000020001800041100001800059245005100077250001700128260002500145300001500170171211s9999 xx 000 0 und d a8888816000047 aHall, John E. aGuyton and Hall Textbook of Medical Physiology a13th Edition bElsevier, Inc.c2016 a1145 pages